书目信息 |
| 题名: |
法律帮助一点通
|
|
| 作者: | 袁其国 总主编 ;汪宏 , 王宁敏 执行主编 | |
| 分册: | 医疗事故与医疗事故鉴定 | |
| 出版信息: | 北京 中国检察出版社 2009.01 |
|
| 页数: | 148页 | |
| 开本: | 21cm | |
| 丛书名: | ||
| 单 册: | ||
| 中图分类: | D920.4 | |
| 科图分类: | ||
| 主题词: | 法律--fa lu--基本知识--中国 , 医疗事故--yi liao shi gu--认定--中国 | |
| 电子资源: | ||
| ISBN: | 978-7-80185-548-0 | |
| 000 | 01185nam0 2200313 450 | |
| 001 | 012010166174 | |
| 005 | 20100605094556.23 | |
| 010 | @a978-7-80185-548-0@dCNY15.00 | |
| 100 | @a20100604d2009 em y0chiy0120 ea | |
| 101 | 0 | @achi |
| 102 | @aCN@b110000 | |
| 105 | @ay z 000yy | |
| 106 | @ar | |
| 200 | 1 | @a法律帮助一点通@Afa lu bang zhu yi dian tong@i医疗事故与医疗事故鉴定@f袁其国总主编@Fzong zhu bian yuan qi guo@g王宁敏, 汪宏执行主编@Gwang ning min,wang hong zhi xing zhu bian |
| 205 | @a第2版@b修订版 | |
| 210 | @a北京@c中国检察出版社@d2009.01 | |
| 215 | @a148页@d21cm | |
| 300 | @a“农村书屋”·“送书下乡工程”入选图书 | |
| 320 | @a有书目 (第147-148页) | |
| 330 | @a本书内容包括医疗事故概说、预防与处置、医疗事故鉴定、医疗事故处理与赔偿、法律责任五大部分。 | |
| 517 | 1 | @a医疗事故与医疗事故鉴定@Ayi liao shi gu yu yi liao shi gu jian ding |
| 606 | 0 | @a法律@Afa lu@x基本知识@y中国 |
| 606 | 0 | @a医疗事故@Ayi liao shi gu@x认定@y中国 |
| 690 | @aD920.4@v4 | |
| 701 | 0 | @a袁其国@Ayuan qi guo@4总主编 |
| 702 | 0 | @a汪宏@Awang hong@4执行主编 |
| 702 | 0 | @a王宁敏@Awang ning min@4执行主编 |
| 801 | 0 | @aCN@bQSSK@c20100605 |
| 905 | @b781591-93@dD920.4@eY901@f3 | |
| 法律帮助一点通.医疗事故与医疗事故鉴定/袁其国总主编/王宁敏, 汪宏执行主编.-第2版,修订版.-北京:中国检察出版社,2009.01 |
| 148页;21cm |
| “农村书屋”·“送书下乡工程”入选图书 |
| ISBN 978-7-80185-548-0:CNY15.00 |
| 本书内容包括医疗事故概说、预防与处置、医疗事故鉴定、医疗事故处理与赔偿、法律责任五大部分。 |
| ● |
| 相关链接 |
|
|
|
正题名:法律帮助一点通
索取号:D920.4/Y901
 
预约/预借
| 序号 | 登录号 | 条形码 | 馆藏地/架位号 | 状态 | 备注 |
| 1 | 781591 | 207815916 | 社科库509/509社科库 83排7列3层/ [索取号:D920.4/Y901] | 在馆 | |
| 2 | 781592 | 207815925 | 社科库509/509社科库 83排7列3层/ [索取号:D920.4/Y901] | 在馆 | |
| 3 | 781593 | 207815934 | 社科库509/509社科库 83排7列3层/ [索取号:D920.4/Y901] | 在馆 |